La fabbrica dei divorzi (Record n. 210393)
[ formato base ]
| 000 -LEADER | |
|---|---|
| fixed length control field | 01809nam a2200205Ia 4500 |
| 001 - CONTROL NUMBER | |
| control field | b6632-47597 |
| 003 - CONTROL NUMBER IDENTIFIER | |
| control field | IT-MiCISF |
| 008 - FIXED-LENGTH DATA ELEMENTS--GENERAL INFORMATION | |
| fixed length control field | 161014s9999||||xx |||||||||||||| ||und|| |
| 040 ## - CATALOGING SOURCE | |
| Original cataloging agency | IT-MiCISF |
| Transcribing agency | IT-MiCISF |
| 041 ## - LANGUAGE CODE | |
| Language code of text/sound track or separate title | it |
| 999 ## - SYSTEM CONTROL NUMBERS (KOHA) | |
| Koha Dewey Subclass [OBSOLETE] | si |
| 100 ## - MAIN ENTRY--PERSONAL NAME | |
| Personal name | Fiorin Massimiliano |
| 245 #0 - TITLE STATEMENT | |
| Title | La fabbrica dei divorzi |
| Remainder of title | Il diritto contro la famiglia |
| 250 ## - EDITION STATEMENT | |
| Edition statement | 1a ed. |
| 260 ## - PUBLICATION, DISTRIBUTION, ETC. (IMPRINT) | |
| Place of publication, distribution, etc. | Cinisello Balsamo (MI) |
| Name of publisher, distributor, etc. | San Paolo |
| Date of publication, distribution, etc. | 2008 |
| 300 ## - PHYSICAL DESCRIPTION | |
| Extent | pp. 303 |
| 500 ## - GENERAL NOTE | |
| General note | / divorzio, società, cultura, diritto, padre, assenza-padre, cambiamento / In quasi quarant'anni dall'approvazione della legge Fortuna-Baslini, fino a che punto il divorzio ha trasformato la società italiana? Che cosa è rimasto del matrimonio tradizionale, e quali sono le prospettive future della famiglia? E' anche per rispondere a queste domande che il presente libro descrive la realtà delle separazioni coniugali e dell'affidamento dei figli, in Italia. Il libro parte dall'esame di ciò che avviene ogni giorno nei tribunali e negli studi degli avvocati, dove la "fabbrica dei divorzi" si muove secondo una logica ferrea da catena di montaggio. Dai fatti raccontati risulta con chiarezza quanto sia opportuno che tutti gli operatori di questo settore - avvocati, magistrati e consulenti - rivedano i loro modi di pensare e di agire. Successivamente, il discorso viene esteso all'intera cultura occidentale, alla ricerca di come e dove tutto sia iniziato. Su un piano più strettamente giuridico, si tenta poi di rompere il tabù dell'intangibilità della legge sul divorzio, indicando modelli alternativi come il cosiddetto covenant marriage, sempre più diffuso negli Stati Uniti, per riscoprire in essi il significato più profondo del matrimonio. |
| 650 ## - SUBJECT ADDED ENTRY--TOPICAL TERM | |
| Topical term or geographic name as entry element | Famiglia nella società / divorzio |
| Relator term | 006 |
| 942 ## - ADDED ENTRY ELEMENTS (KOHA) | |
| Koha item type | LIBRO |
| 957 ## - | |
| -- | 1 |
| 999 ## - SYSTEM CONTROL NUMBERS (KOHA) | |
| -- | 1 |
| Withdrawn status | Lost status | Damaged status | Not for loan | Home library | Current library | Date acquired | Total Checkouts | Full call number | Date last seen | Price effective from | Koha item type | Public note |
|---|---|---|---|---|---|---|---|---|---|---|---|---|
| Buone Condizioni | Not For Loan | CISF - Milano | CISF - Milano | 14/10/2016 | b6632-47597 | 14/10/2016 | 14/10/2016 | LIBRO | Data import 15.10.2016 / by Epidotti, Vaglietti |